Hospital Law's Regan Report

Detalles Bibliográficos
Formato: Seriadas
Lenguaje:inglés
Publicado: Detroit, MI : Gale Group, 2000 -
Materias:
Acceso en línea:Acceso restringido

MARC

LEADER 00000nas a22000007a 4500
005 20110922111158.0
008 110922c2000 xxuan|||s|||| 00| a1eng d
022 |a 1528-8463 
035 |a 2971 
040 |a vLex 
090 |c 2523  |d 2523 
245 0 0 |a Hospital Law's Regan Report   |h [Recurso electrn̤ico] 
256 |a Servicio en ln̕ea. 
260 |a Detroit, MI :   |b Gale Group,   |c 2000 - 
300 |a 1 recurso electrn̤ico 
310 |a Anual 
362 |a Nm︢ 1. (2000) - 
506 1 |a Contenido solo disponible en los productos indicados  |d vLex Global  |d vLex Global (Academic Edition, excluding Law Schools)  |d vLex Global (Academic Edition, Law Schools) 
650 0 4 |a Medicina legal  |z Estados Unidos de Amřica 
740 0 |a vLex Revistas (Servicio en ln̕ea) 
856 4 0 |u http://vlex.com/source/hospital-law-regan-report-2971  |z Acceso restringido 
942 |c REV